000 01540nam a2200385 c 4500
003 BLK
005 20180420223534.0
008 180408b bul|||||r ||||||| ||bul||
010 _aKNG00071952000
020 _a954-649-827-0
_bиздат.: Сиела Софт енд Паблишинг
040 _aBLK
041 _aBUL
_cBUL
080 _aУправление на стопанството в условията на пазарно стопанство
_b338.242
_x
_z338.242
100 1 _aКовачев, Асен Златков
_eпърви автор
_9247415
139 _aКовачев, Асен Златков
_bК 72
245 1 0 _aУправление на икономиката
_cАсен Златков Ковачев.
250 _a2. актуализирано и доп. изд.
257 _aBGR
260 София
_bСиела Софт енд Паблишинг
_c2005
300 _a310 с.
_bс табл., сх.
_c23 см
380 _a3
500 _a1. изд. 2001 ; В кн. означено 3. актуализирано и доп. изд.
650 4 _aПазарно стопанство
_9265868
653 _aикономика
653 _aпазарна икономика
653 _aуправление
653 _aконкуренция
653 _aинтеграция
653 _aустойчиво развитие
852 _aЦб 231691
856 4 _qpdf
_u
856 4 _qpdf
_u
942 _cKNG
_n0
944 _aCR
_c21.02.2007
_kНаталия_Медовщикова
944 _aED
_c28.10.2008
_k
999 _c67639
_d67639